000 00844nmm a2200277 a 4500
001 ocm0001256717
003 TR-IsHL
005 20201028160239.0
008 150709s2012 tu tur
007 cr cn
020 _a9786054392988
035 _a1256717
_b(N$T)
050 0 4 _aMT7
_b.E44 2012
090 0 4 _aMT7
_b.E44 2012
100 1 _aElhankzı, Aynur
245 1 0 _aUygulamalı temel müzik bilgileri
_h[electronic resource] /
_cAynur Elhankzı
260 _aKonya :
_bEğitim Kitabevi,
_c2012
300 _a255 p.
500 _aKaynakça var.
_x
650 4 _aMüzik
650 4 _aMusic
650 0 _aMüzik
_xEğitim ve çalışma
650 0 _aMusic
_xInstruction and study
650 7 _aMUSIC / General
_2bisacsh
856 4 0 _uhttp://search.ebscohost.com/login.aspx?direct=true&scope=site&db=e011xww&AN=1256717
999 _c13504
_d13504